[Event "Biel SKA"]
[Site "Biel"]
[Date "1996.08.02"]
[Round "10"]
[White "Romanishin, Oleg M"]
[Black "Ehlvest, Jaan"]
[Result "1-0"]
[WhiteElo "2555"]
[BlackElo "2660"]
[Annotator "Tsesarsky,I"]
[PlyCount "47"]
[EventDate "1996.07.22"]
[EventType "tourn"]
[EventRounds "11"]
[EventCountry "SUI"]
[EventCategory "16"]
[SourceTitle "CBM 055"]
[Source "ChessBase"]
[SourceDate "1996.12.01"]
[SourceVersion "1"]
[SourceVersionDate "1996.12.01"]
[SourceQuality "1"]

1. Nf3 {Petursson} d5 2. d4 Nf6 3. c4 e6 4. Nc3 Be7 5. Bg5 O-O 6. e3 Nbd7 7.
Rc1 c6 8. Bd3 a6 9. c5 e5 10. dxe5 Ne8 11. h4 (11. Bxe7 Qxe7 12. Qc2 h6 13. O-O
(13. e4 Nxe5 (13... Nxc5 14. exd5 $16) 14. Nxe5 Qxe5 15. O-O Nf6 (15... dxe4
16. Nxe4 $14) 16. exd5 Ng4 (16... Nxd5 17. Rfe1 Qh5 18. Nxd5 Qxd5 19. Bc4 $16)
17. g3 Qh5 18. h4 cxd5 (18... g5 $5 19. Ne4 f5 $13) 19. Qe2 Be6 (19... g5 20.
Nxd5 gxh4 21. Qxg4+ Bxg4 22. Nf6+ Kg7 23. Nxh5+ Bxh5 24. gxh4 $16) 20. Qf3 Rad8
21. Ne2 Qe5 $6 (21... g5 $5) 22. b4 Qb2 23. Qf4 Ne5 24. Rc2 Nxd3 25. Rxb2 Nxf4
26. Nxf4 Bf5 27. Rd2 d4 28. Re1 $16 {Ftacnik 1-0 Kotronias,V-Goldin,A/Sochi-A ;
CBM 16 1989 (40)}) (13. Ne2 Nxe5 14. Nxe5 Qxe5 15. Qc3 Qc7 16. O-O Nf6 17. Qd4
Bg4 18. f3 Be6 19. Qf4 Qe7 20. Nd4 Rae8 21. Rc3 Bc8 22. Bf5 $14 {1-0 Lerner,
K-Ziatdinov,R/Tashkent Agzamov mem (16) ;EXT 86 1986 (61)}) 13... Nxe5 14. Nxe5
Qxe5 15. Qa4 Nf6 16. Qd4 Ng4 17. Qxe5 Nxe5 18. Rfd1 f5 19. Ne2 Bd7 20. h3 Rae8
21. f4 Nf7 22. Kf2 h5 23. Nd4 g6 24. Be2 Kg7 25. Rg1 Re7 $10 {0-1 Estremera
Panos,S-Spassky,B/Oviedo rapid (03) ;EXT 91 1991 (39)}) (11. Bf4 {Ftacnik})
11... Nxc5 12. Bb1 Ne6 (12... f6 13. Bf4 (13. Qc2 g6 14. Bh6 Ng7 15. h5 Bf5 16.
Qe2 Bxb1 17. Rxb1 Qe8 18. Rh3 fxe5 19. hxg6 hxg6 20. Nxe5 Bf6 21. Nf3 Ne4 22.
Nxe4 Qxe4 23. Rd1 Rf7 $132 {1-0 Ageichenko,G-Gavrilov,A/Moscow2 ;EXT 89 1989 
(71)}) (13. exf6 Nxf6 14. Bxf6 Rxf6 15. Nd4 Ne6 16. Qd3 Nf8 17. e4 dxe4 18.
Nxe4 Rh6 19. g3 Rh5 20. O-O Rd5 21. Qb3 Kh8 22. Nf3 Rb5 23. Qc3 Qa5 24. Qc2 Bf5
25. Nd4 Bxe4 26. Qxe4 Re5 27. Qf3 Qd5 28. Qxd5 {1/2-1/2 Oll,L-Dreev,A/Vilnius ;
CBM 07 1988}) 13... fxe5 14. Bxe5 Bf5 15. Bxf5 Rxf5 16. Qc2 g6 17. Rd1 Qc8 18.
Rh3 Nf6 19. Bxf6 Bxf6 20. Nd4 Rh5 21. Nce2 Ne4 22. Ng3 Nxg3 23. Rxg3 Qe8 $17 {
1-0 Yuferov,S-Gavrilov,A/Moscow I ;TD 90\02 1990 (44)}) 13. Qc2 (13. Nd4 g6 14.
Bh6 N8g7 15. h5 Bg5 16. hxg6 hxg6 17. Bxg5 Qxg5 18. Nf3 {1/2-1/2 Kortschnoj,
V-Agdestein,S/Tilburg (10) ;CBM 15 1989}) 13... Nxg5 $6 (13... f5 $5) 14. Nxg5
g6 $8 15. Nxh7 Kxh7 (15... Bf5 16. e4 Bxe4 17. Nxe4 Kxh7 (17... dxe4 18. Nxf8
$18) 18. h5 dxe4 19. hxg6+ Kg7 (19... Kg8 20. Qxe4 f5 21. Qe3 $1 $18 Bb4+ (
21... Bg5 22. Qb3+ Kg7 (22... Qd5 23. Rh8+ $1 Kg7 24. Qxb7+ $18) 23. Qxb7+ Nc7
24. Rd1 $18) 22. Kf1 Qd2 23. Qb3+ Kg7 24. Rd1 $18) 20. Qxe4 (20. Rh7+ Kg8 21.
Qxe4 Qd5 (21... Qa5+ 22. Rc3 $18) 22. gxf7+ (22. Qf4 fxg6 23. Rh8+ Kxh8 24.
Qh6+ Kg8 25. Qxg6+ Ng7 26. Qh7+ Kf7 27. Qg6+ $10) (22. Rh8+ Kg7 23. Rh7+ $10)
22... Rxf7 23. Qg6+ Rg7 24. Qh5 Bb4+ 25. Ke2 Qd2+ 26. Kf3 Qd5+ 27. Ke2 Qd2+ $10
(27... Qb5+ 28. Bd3 $18)) 20... f5 21. Qe3 Bg5 22. f4 Bh4+ 23. g3 (23. Ke2 Nc7
24. Qh3 Rh8 25. g3 Be7 26. Qxf5 Qd5 $15) 23... Be7 24. Qe2 Qd4 (24... Bb4+ 25.
Kf1 Qd5 26. Qh5 $18) 25. Rh7+ Kg8 26. Kf1 {[%csl Re7][%cal Ge2h2,Ge2h5]} Bc5 (
26... Qd5 27. Qh5 $18) 27. Qh2 $18) 16. h5 Kg7 $2 (16... Kg8 $8 17. hxg6 f5 18.
Qe2 {[%cal Re2h5]} (18. exf6 Bxf6 19. g7 $2 Bxg7 20. Rh8+ (20. Qh7+ Kf7 21. Rh4
Qg5 22. Rf4+ Ke7 $17) (20. Qg6 {[%cal Rh1h8]} Nf6) 20... Kf7 21. Qg6+ (21. Qg6+
Ke7) 21... Ke7 $17 22. Qg5+ Bf6) 18... Ng7 19. Qf3 {[%cal Rh1h8,Rf3h3,Rh3h7]}
f4 $8 20. exf4 $40 (20. exf4 {Petursson} Qd7 21. Qg3 $18)) (16... f5 $1 {
Petursson} 17. exf6 (17. hxg6+ Kxg6 $1 18. Ne2 Ng7 19. g4 Kf7 20. Ng3 Kg8 $17)
17... Rxf6 $1 (17... Nxf6 18. Qxg6+ Kh8 19. g4 d4 20. Rd1 Qb6 21. g5 $18) 18.
hxg6+ Kg8 {Here White just needs to keep the pawn on g6 and bring either his
Queen or the Queens Rook over to the kingside to win. But this is not easy and
Black has reasonable chances to defend.} 19. Qe2 Ng7 20. Rd1) 17. hxg6 f5 18.
Qe2 $3 $18 Bh4 $8 19. g3 Rh8 20. gxh4 Rxh4 21. Qf3 Nc7 (21... Rxh1+ 22. Qxh1
Kxg6 23. Kd2 Ng7 24. Rg1+ Kf7 25. Qh7 $18) 22. Ke2 Ne6 (22... d4 23. Rxh4 Qxh4
24. Rh1 Qg4 25. Qxg4 fxg4 26. Rh7+ Kg8 27. Rxc7 $18) 23. Rxh4 Qxh4 24. Rh1 (24.
Rh1 Qg4 25. Rh7+ Kg8 (25... Kxg6 26. Qxg4+ $18) 26. Qxg4 fxg4 27. Na4 $18) 1-0

[Event "ARG-ch"]
[Site "Buenos Aires"]
[Date "1998.04.28"]
[Round "12"]
[White "Spangenberg, Hugo"]
[Black "Hoffman, Alejandro"]
[Result "0-1"]
[WhiteElo "2530"]
[BlackElo "2510"]
[Annotator "Tsesarsky,I"]
[PlyCount "84"]
[EventDate "1998.04.15"]
[EventType "tourn"]
[EventRounds "15"]
[EventCountry "ARG"]
[EventCategory "9"]
[SourceTitle "CBM 065"]
[Source "ChessBase"]
[SourceDate "1998.08.06"]
[SourceVersion "1"]
[SourceVersionDate "1998.08.06"]
[SourceQuality "1"]

1. Nf3 {Hecht} Nf6 2. c4 e6 3. d4 d5 4. Nc3 Be7 5. Bg5 O-O 6. e3 Nbd7 7. Rc1
dxc4 8. Bxc4 c5 (8... a6 $5 9. a4 (9. e4 $5 b5 10. Bd3 Bb7 $1 11. e5 Nd5 12. h4
$5 $132 (12. Bxe7 $10)) 9... b6 $132) 9. O-O a6 10. a4 cxd4 11. exd4 Nb6 12.
Bb3 Bd7 13. a5 (13. Qe2 Bc6 14. Rfd1 Nfd5 15. Bxe7 Qxe7 16. Nxd5 Bxd5 17. Bxd5
Nxd5 18. Rc5 Rfd8 19. Rdc1 Rd6 20. g3 Rad8 21. a5 f6 22. Qe4 Qe8 23. Nd2 R6d7
24. R5c4 Re7 25. Nb3 Qg6 26. Qxg6 hxg6 27. Rc8 Rde8 28. Rxe8+ Rxe8 29. Nc5 Re7
30. Ne4 Nb4 (30... Nb4 31. Rc8+ Kh7 32. Nc5 Nc6 33. Nxb7 Na7 34. Rb8 {1/2-1/2
Pekarek,A-Ubilava,E/Tbilisi 1986}) 31. Rc8+ Kh7 32. Nc5 Nc6 33. Nxb7 Na7 34.
Rb8 {1/2-1/2 Pekarek,A-Ubilava,E/Tbilisi 1986}) (13. Re1 Bc6 14. Ne5 Nbd5 15.
Qd3 (15. Qe2 Qd6 16. Red1 Nb4 17. Bf4 Qd8 18. Nxc6 bxc6 19. Be5 Ra7 20. Ne4
Nxe4 21. Qxe4 Bf6 22. g3 Rd7 23. h4 Qe7 24. Bc4 Rfd8 25. Be2 h6 26. Kf1 a5 27.
b3 Rd5 28. Bc4 R5d7 29. Be2 Rd5 30. Bc4 R5d7 31. Be2 {1/2-1/2 Spraggett,
K-Ubilava,E/Roses 1992}) 15... g6 16. Qh3 Qd6 17. Qh4 Qd8 18. Qh3 Qd6 19. Qh4
Qd8 20. Qh3 Qd6 {1/2-1/2 Kantsler,B-Goldin,A/Uzhgorod URS ch jr 1987}) (13. Ne5
Bc6 14. f4 (14. Qd3 Nbd5 (14... Nfd5 15. Nxc6 (15. Bxe7 Qxe7 16. a5 Nb4 17. Qd2
Nd7 $11) (15. Bd2 $5 $132) 15... bxc6 16. Bc2 g6 17. Bxe7 Qxe7 18. a5 Nb4 $15 {
0-1 Spangenberg,H-San Segundo,P/Buenos Aires Najdorf 1995 (53)}) 15. Qh3 g6 16.
Rfe1 Qd6 17. Rcd1 Nh5 18. Bxd5 Bxg5 19. Bxc6 bxc6 20. Ne4 Qd8 21. Nxc6 $16 {
1-0 Naumkin,I-Dokhoian,Y/Vilnius 1988 (40)}) (14. Nxc6 bxc6 15. Ne2 Qd7 16. a5
Nbd5 17. Ba4 Rfc8 18. Rc4 Ne4 19. Bxe7 Nxe7 20. Bc2 Nd6 21. Rc3 Nb5 22. Rh3 g6
(22... Ng6 $11) 23. Qd2 Nf5 24. Bxf5 exf5 25. Rd3 $11 {1/2-1/2 Portisch,
L-Hoffman,A/Biel op 1992 (41)}) 14... Nfd5 15. Qd2 h6 16. Bxe7 Nxe7 17. a5 Nbc8
18. d5 $6 (18. Na4 $132) 18... Nxd5 19. f5 Nce7 (19... Qxa5 $2 20. fxe6 Qb6+
21. Kh1 Qxb3 (21... fxe6 22. Rxf8+ Kxf8 23. Bxd5 exd5 24. Nxd5 $18) 22. exf7+
Rxf7 23. Rxf7 $16) 20. fxe6 fxe6 21. Rxf8+ Qxf8 22. Rf1 Qb8 $15 {1-0 Dokhoian,
Y-Goldin,A/URS-FL Irkutsk 1986 (38)}) 13... Nbd5 14. Nxd5 (14. Bxd5 $6 Nxd5 15.
Nxd5 Bxg5 16. Nxg5 Qxg5 17. Nb6 Rad8 18. Rc5 (18. d5 $2 Bb5 $17) 18... Qf6 19.
Re1 Bc6 $17 {0-1 Petursson,M-Sokolov,A/Reykjavik 1988 (41)}) 14... Nxd5 15.
Bxe7 (15. Bxd5 Bxg5 16. Nxg5 exd5 17. Qd2 f6 18. Nf3 Bc6 19. Rfe1 Re8 20. Rxe8+
Qxe8 21. h3 Qd7 22. Re1 Re8 $11 {1/2-1/2 Cvitan,O-Ubilava,E/Tbilisi 1986 (41)})
15... Nxe7 (15... Qxe7 16. Bxd5 exd5 17. Rc7 $14) 16. Rc5 $2 $17 (16. Qd2 Bc6
17. Ne5 Nf5 18. Rfd1 Bd5 19. Bxd5 Qxd5 20. Rc5 Qd6 (20... Qe4 21. Nd7 Rfd8 22.
Nb6 Rab8 23. d5 $14) (20... Qb3 21. d5 Rad8 22. Nc4 $14) 21. Nc4 Qe7 $11) 16...
Rc8 $2 $11 (16... Bb5 $1 17. Bc4 (17. Re1 Qxa5 $17) 17... Bxc4 18. Rxc4 Qxa5
$17) 17. Rxc8 $6 $15 (17. Qd2 $2 Rxc5 (17... Bc6 18. Ne5 Nf5 19. Rd1 $11) 18.
dxc5 Bb5 19. Rd1 Qxd2 20. Rxd2 Nc6 $17) (17. Qc2 $1 Rxc5 18. Qxc5 Bb5 (18...
Bc6 19. Ne5 Bd5 20. Bc2 Nf5 (20... Nc6 21. Nxc6 (21. b4 Qg5 22. g3 Rc8 23. Qc3
Ne7 24. Qd3 Qh5 $15) 21... Bxc6 22. Re1 $11) 21. Bxf5 exf5 22. b4 $11 (22. Rc1
$5 Qg5 $5 23. g3 $11 (23. f3 $6 Be6 24. b4 Rd8 25. Rd1 Rc8 26. Qd6 Rc2 27. g3
f4 28. Nd3 fxg3 29. Qxg3 Qe3+ 30. Nf2 h6 $17))) 19. Ra1 Nd5 20. Bxd5 exd5 21.
b4 $11) 17... Qxc8 (17... Bxc8 18. Qd2 $11) 18. Qd2 Rd8 19. Ne5 (19. Qg5 Nc6
20. Rc1 (20. d5 Nxa5 21. dxe6 Nxb3 22. exd7 (22. exf7+ Kxf7 23. Re1 Be6 24.
Qh5+ Kg8 (24... Kf8 25. Qxh7 Nd4 26. Ne5 Ne2+ 27. Kh1 Nf4 28. Qh8+ Bg8 29. Qh4
Ne6 30. Ng6+ Kf7 31. Nh8+ Kf8 (31... Ke8 32. Qh5+ Ke7 33. Ng6+ Kf6 34. Nh8 $11)
32. Ng6+ $11) 25. Ng5 Nd4 26. Qxh7+ Kf8 27. Qh8+ Bg8 28. Nh7+ Kf7 29. Ng5+ Kg6
30. Qh4 Nc2 31. Rc1 Ne3 $1 $19) 22... Qxd7 $17) 20... Qc7 21. Rc5 (21. d5 h6
22. Qe3 exd5 23. Bxd5 Qxa5 24. Qb3 Be8 $17) 21... Qd6 22. Qe3 Ne7 23. Ne5 (23.
Bc2 Bc6 24. Be4 Bxe4 25. Qxe4 h6 $15) 23... Be8 $15) 19... Be8 $15 20. Rd1 Qc7
(20... Qb8 $15) 21. Qc3 (21. Bc2 Nc6 (21... f6 22. Nf3 Bg6 23. Bxg6 Nxg6 24.
Rc1 Qd6 25. Qe3 Nf4 26. Qe4 $11) 22. Qd3 g6 23. Qc3 Qd6 $15) 21... Nc6 22. Nxc6
Bxc6 23. f3 (23. Bc2 Qf4 $15) 23... Qd6 24. Qc5 (24. Bc2) 24... Qxc5 $6 $11 (
24... Qd7 $15) 25. dxc5 Rxd1+ 26. Bxd1 {Hecht [#] Features of the position:  A
blocked pawn majority for White on the queenside, thanks to the good 'bad
bishop', which protects its own pawn weaknesses and supports its own majority.
[#] Merkmale: Blockierte weiße Damenflügelmajorität dank des guten "schlechten
Läufers", der die eigenen Bauernschwächen verteidigt und die eigene Mehrheit
unterstützt.} g5 27. Kf2 f5 28. Bc2 (28. g3 Kf7 29. f4 gxf4 30. gxf4 e5 31. Ke3
Ke6 32. b4 $11) 28... Kf7 29. g3 Kf6 30. f4 e5 31. Ke3 h5 32. fxg5+ $4 $19 (32.
h4 $1 exf4+ 33. gxf4 gxh4 34. Kf2 {[#] At first sight, it seems as if the
entrances to White's position can be defended. The king stops the doubled
h-pawns, the pawn on f4 defends e5 and g5 and fixes the f5 pawn as a possible
object of attack; the bishop defends the squares d5 and c6 from b3 and a4. [#]
Auf den ersten Blick scheint es so, als können die Zugänge zur weißen Stellung
verteidigt werden. Der König hält den doppelten h-Bauern auf; der Bf4
verteidigt e5 und g5 und fixiert den Bf5 als mögliches Angriffsobjekt; der
Läufer verteidigt von b3 und a4 aus die Felder d5 und c6} h3 (34... Be4 35. Bd1
(35. Bb3 {[%cal Gf4g5,Gf4e5,Gb3d5,Gb3a4,Ga4c6,Gf2g1,Gg1h2] Hecht Is there a
way for Black to break into the fortress? Gibt es einen Weg für Schwarz, die
weiße Festung zu knacken?}) (35. Bxe4 $2 fxe4 36. b4 h3 37. b5 h2 38. Kg2 e3
39. c6 bxc6 40. bxa6 e2 41. a7 h1=Q+ 42. Kxh1 e1=Q+ $19 {certainly doesn't
work. geht freilich nicht}) 35... Ke6 (35... Kg6 36. b4 h3 37. Kg3 Bg2 38. Be2
h4+ 39. Kh2 $16) 36. Bb3+ Kf6 37. Bd1 Ke6 $11) 35. Kg3 Bg2 36. Bd3 h4+ 37. Kh2
Ke6 38. c6 $1 Bxc6 (38... bxc6 39. Bxa6 $16) 39. Kxh3 $16) 32... Kxg5 33. Bd1 (
33. h4+ Kg4 34. Kf2 f4 35. Bd1+ Kh3 36. gxf4 exf4 37. Bxh5 $11 {Next Variation}
) (33. Kf2 f4 (33... h4 $2 34. gxh4+ Kf6 35. b4 f4 36. Bd1 e4 37. Bg4 e3+ 38.
Ke2 Bb5+ 39. Kf3 Ke5 40. h5 Bc6+ 41. Ke2 Bb5+ 42. Kf3 (42. Ke1 Ke4 (42... Bc6
43. h6 (43. Ke2 Bb5+ $11) 43... Kf6 44. Ke2 Kg6 45. Bf3 Bb5+ 46. Ke1 Kxh6 47.
Bxb7 $16) 43. h6 $18) 42... Bc6+ $11) 34. h4+ (34. b4 h4 35. gxf4+ Kxf4 36. Bd3
e4 37. Bc4 e3+ 38. Ke2 Ke4 39. Be6 Kd4 40. Bc8 Kc4 41. Kxe3 Kxb4 42. Kd4 Kxa5
43. Kc4 Ka4 $17) 34... Kg4 35. Bd1+ Kh3 36. gxf4 exf4 37. Bxh5 Kxh4 38. Bf3 Kg5
(38... Bxf3 $4 39. Kxf3 Kg5 40. b4 Kf5 41. b5 $18) 39. b4 (39. Bxc6 bxc6 40. b4
Kf5 $19) 39... Kf5 40. b5 $1 Bxb5 (40... axb5 41. Bxc6 $18) 41. Bxb7 Ke5 42.
Bf3 $11) 33... h4 34. Bf3 {Hecht: waiting was indicated, by means of b4 or Be2.
Abwarten mittels b4 oder Le2 war angezeigt.} (34. b4 hxg3 $1 (34... f4+ 35.
gxf4+ exf4+ 36. Kd4 f3 37. Ke3 Kg4 38. Kf2 Kf4 (38... Kh3 39. Bxf3 $18) 39. Bc2
Bd5 40. Bd3 $11) 35. hxg3 f4+ 36. gxf4+ exf4+ 37. Kf2 Kf5 38. Be2 (38. Bf3 Bxf3
39. Kxf3 Ke5 40. b5 (40. Kg4 Kd5 41. Kxf4 Kc4 $19) 40... axb5 41. c6 Kd6 $19)
38... Ke5 39. Ke1 Kd4 40. Kd2 f3 (40... Bg2 41. b5 axb5 42. Bxb5 Kxc5 43. Bd3
Kd4 44. a6 bxa6 45. Bxa6 $11) 41. Bd3 f2 42. Bf1 Bd5 43. b5 (43. Ke2 Bc4+ 44.
Kxf2 Bxf1 45. Kxf1 Kc4 $19) 43... axb5 44. Ke2 b4 $19) (34. Bb3 hxg3 35. hxg3
f4+ 36. gxf4+ exf4+ 37. Kf2 Kf5 $19) 34... hxg3 35. hxg3 f4+ 36. gxf4+ exf4+
37. Kf2 Bxf3 38. Kxf3 {Hecht: [#] The distant black passed pawn wins, since
Black's king enters the queenside just in time to foil a breakthrough there. 
[#] Der entfernte schwarze Freibauer gewinnt, da der schwarze König
rechtzeitig zur Durchbruchsvereitelung am Damenflügel eintrifft.} Kf5 39. b4
Ke5 40. b5 axb5 41. c6 Kd6 42. cxb7 (42. c7 Kxc7 43. Kxf4 Kc6 44. Ke4 Kc5 $19)
42... Kc7 (42... Kc7 43. Kxf4 (43. a6 b4 44. Ke4 b3 45. Kd3 f3 $19) 43... Kxb7
44. Ke4 Ka6 45. Kd4 Kxa5 46. Kc3 Ka4 $19 (46... Ka4 {Hecht} 47. Kb2 Kb4 $19 {
Opposition! Opposition!})) 0-1

[Event "Metz op 16th"]
[Site "Metz"]
[Date "1998.??.??"]
[Round "8"]
[White "Shchekachev, Andrei"]
[Black "Eingorn, Vereslav S"]
[Result "1/2-1/2"]
[WhiteElo "2565"]
[BlackElo "2605"]
[Annotator "Tsesarsky,I"]
[PlyCount "66"]
[EventDate "1998.04.06"]
[EventType "swiss"]
[EventRounds "9"]
[EventCountry "FRA"]
[SourceTitle "CBM 065"]
[Source "ChessBase"]
[SourceDate "1998.08.06"]
[SourceVersion "1"]
[SourceVersionDate "1998.08.06"]
[SourceQuality "1"]

1. Nf3 Nf6 2. c4 e6 3. Nc3 d5 4. d4 Nbd7 5. Bg5 h6 6. Bh4 Be7 7. e3 O-O 8. Rc1
Re8 9. Bd3 (9. Bg3 c6 10. Bd3 dxc4 11. Bxc4 b6 12. O-O Bb7 13. e4 Nh5 14. Rc2
Nxg3 15. fxg3 Nf6 16. e5 Nd5 $132 {1-0 Kluss,K-Krause/Wuerzburg op 1987 (26)})
(9. a3 a6 (9... c6 10. Bd3 a6 11. O-O (11. c5 $5) 11... dxc4 12. Bxc4 b5 13.
Ba2 c5 14. Ne5 Nxe5 15. dxe5 Qxd1 16. Rfxd1 Nd7 17. Bxe7 Rxe7 18. f4 Bb7 19.
Rd6 c4 20. Rcd1 Nc5 21. Bb1 $14 {1/2-1/2 Georgiev,K-Eingorn,V/Calcutta 1992 
(40)}) 10. cxd5 exd5 11. Be2 (11. Bd3 c6 12. O-O Ne4 13. Bxe7 Qxe7 14. Bxe4 (
14. b4 Nd6 15. a4 b5 16. Re1 Nb6 (16... Nc4 17. Qb3 Nf6 18. e4 $14) 17. Ne5 $14
) 14... dxe4 15. Nd2 Nf6 $11 {0-1 Podolski,H-Gabrys,Z/Wroclaw POL ch 1960 (42)}
) 11... c6 12. O-O Nf8 13. Ne5 N6d7 14. Bxe7 Qxe7 15. Nxd7 Bxd7 16. Na4 Rad8
17. Bd3 Ne6 18. Qf3 (18. Qc2 $14) 18... Bc8 19. Nb6 Qc7 20. Nxc8 Rxc8 21. h4
Qe7 22. g3 Rcd8 23. Rc3 Nc7 24. Qf5 {1/2-1/2 Aseev,K-Eingorn,V/URS-ch57
Leningrad 1990}) (9. Qc2 a6 10. c5 (10. a3 dxc4 11. Bxc4 b5 12. Ba2 Bb7 13. O-O
$132 (13. e4 $2 c5 $17 14. e5 Ng4 15. Bxe7 Qxe7 16. Bb1 (16. Ne4 $4 cxd4 17.
Nd6 Reb8 $4 (17... Bxf3 18. Nxe8 (18. gxf3 Ndxe5 19. Nxe8 Nxf3+ $19) 18...
Ndxe5 19. gxf3 Nxf3+ 20. Kf1 Rxe8 $19) 18. Nxb7 Rxb7 19. Qe4 $14 {1-0 Pfeiffer,
T-Deiner,A/PF-ch Eisenberg 1993 (39)}) 16... Nf8 17. h3 cxd4 18. hxg4 dxc3 19.
Qxc3 Rec8 20. Qe3 Rxc1+ 21. Qxc1 Rc8 22. Qe3 Qc5 23. O-O Qxe3 24. fxe3 Nd7 $17)
) 10... c6 11. Be2 e5 12. dxe5 Nh7 13. Bxe7 Qxe7 14. Bd3 Nhf8 {1/2-1/2 Lukacs,
P-Varga,Z/Budapest FS06 GM 1993}) (9. cxd5 Nxd5 10. Nxd5 exd5 11. Bxe7 Rxe7 12.
Bd3 Nf6 13. Ne5 Qd6 14. O-O Nd7 15. f4 f6 16. Ng6 Re8 (16... Rxe3 17. Re1 Rxe1+
18. Qxe1 Kf7 19. Rxc7 $1 $16) 17. Qh5 Nf8 18. Rf3 Be6 19. Nxf8 Kxf8 20. Bg6 Re7
21. g4 $132 {Cherepkov,A-Kholmov,R/USSR 1968/1/2-1/2 (46)}) 9... dxc4 (9... a6
10. c5 c6 11. O-O e5 12. dxe5 Ng4 13. Bg3 Bxc5 14. e4 d4 15. Ne2 Ba7 16. e6
Rxe6 17. Nexd4 Re8 $132 {1/2-1/2 Romanishin,O-Lau,R/Polanica Zdroj 1991 (37)})
(9... c6 10. O-O a6 11. a4 dxc4 12. Bxc4 Nd5 13. Bg3 Nxc3 14. bxc3 Qa5 15. Nd2
b5 16. Be2 e5 17. Bf3 Bb7 18. Qc2 Bf8 19. Ra1 Qb6 20. Rfb1 $14 {1-0 Bischoff,
K-Proehl,H/GER-ch 1994 (48)}) 10. Bxc4 c5 (10... a6 11. O-O (11. a4 Nb6 12. Bd3
c5 13. dxc5 Bxc5 14. O-O Be7 15. Qe2 Bd7 16. Rfd1 Nbd5 17. Bxf6 Bxf6 18. Nxd5
exd5 19. b3 Qb6 $11 {1/2-1/2 El Kreni,N-Allaham,M/Thessaloniki olm 1984 (25)})
11... b5 12. Be2 Bb7 13. Qc2 Rc8 14. a3 c5 15. dxc5 Nxc5 16. Rfd1 Qb6 $11 {
1/2-1/2 Mohr,P-Mueller,M/RLPF-op Hauenstein 1991 (43)}) (10... c6 11. O-O Qa5
12. Bg3 Bb4 13. Qc2 Qh5 14. a3 Bf8 15. Ne2 Nd5 16. e4 $14 {1/2-1/2 Micheel,
A-Bade,H/BLW 1993 (47)}) (10... Nb6 11. Bb3 Bd7 12. O-O Bc6 13. Ne5 Bd5 14.
Nxd5 Nbxd5 (14... exd5 $14) 15. Qf3 c6 16. Rfd1 $14 {1-0 Guimaraes,J-Neves,J/
POR-chT 1993 (41)}) 11. O-O a6 12. a4 cxd4 13. exd4 Nb6 14. Bb3 Bd7 15. a5 (15.
Ne5 Bc6 16. a5 (16. Re1 $5) 16... Nbd5 17. Nxd5 Nxd5 18. Bxe7 Nxe7 19. Rc5 Qd6
20. Re1 Bd5 21. Bxd5 Nxd5 22. Qf3 Re7 23. Rec1 $11 {1/2-1/2 Schmidt,W-Stempin,
P/POL-ch Slupsk 1989 (25)}) 15... Nbd5 16. Bxd5 exd5 17. Bxf6 Bxf6 18. Nxd5 $14
Bb5 $6 (18... Bc6 $1 19. Nxf6+ Qxf6 20. Ne5 Rad8 21. Re1 Bd5 22. b4 $14) 19.
Nc7 $1 $16 (19. Nxf6+ Qxf6 20. Re1 Rxe1+ 21. Qxe1 Re8 22. Qc3 Bc6 23. Ne5 Bd5
$14) 19... Bxf1 20. Qxf1 (20. Kxf1 $2 Qd7 21. Nxa8 Rxa8 $44) 20... Bg5 21. Rc4
(21. Nxg5 Qxg5 22. Nxa8 Rxa8 23. Qe1 $16) 21... Bf4 (21... Qe7 22. Nxa8 Rxa8
23. Nxg5 Qxg5 24. Qe1 $16) 22. Nxa8 Qxa8 23. Qd3 (23. g3 b5 $1 24. Rc3 Bd6 $44)
23... Qd8 24. g3 (24. d5 Bd6 25. b4 Qf6 26. g3 Qb2 27. Qf5 Qe2 28. Rd4 Re7 29.
Kg2 $16) 24... Bb8 25. b4 Qd5 26. Rc5 Qa2 27. Qf5 Bd6 28. Rc8 $2 $11 (28. Qd7
Qe6 29. Qxe6 Rxe6 30. Rc4 Re2 31. Kg2 Rb2 32. Ne5 Rxb4 33. Rc8+ Kh7 34. Nc4 Be7
35. d5 Bf6 36. d6 Rb3 37. d7 Rd3 38. Nb6 $16) 28... Rf8 29. Rxf8+ (29. d5 Bxb4
30. Rc7 Bd6 31. Rxb7 Bc5 32. Ne1 Qe2 33. Rb1 Qa2 $11) 29... Bxf8 30. Qe4 (30.
Qc8 Qb1+ 31. Kg2 Qxb4 $11) 30... Bxb4 31. Qxb7 (31. Qe8+ Kh7 32. Qe4+ Kg8 $11)
31... Bxa5 $2 $16 (31... Qxa5 32. Ne5 f6 33. Nc6 (33. Qf7+ Kh7 34. Qg6+ Kg8 $11
) 33... Qa1+ 34. Kg2 Bd6 35. Qc8+ Kh7 36. Qf5+ Kh8 37. Qe6 Qa3 38. h4 Bf8 $11)
32. d5 $2 $11 (32. Qc8+ Kh7 33. Qxa6 Qd5 34. Ne5 Bc7 35. Qc6 Qxc6 36. Nxc6 Kg6
37. Ne7+ Kh5 38. Kg2 $16) (32. Qxa6 Qd5 33. Ne5 Bd8 34. Qc8 Kh7 35. Qf5+ (35.
Qd7 Qxd7 36. Nxd7 Kg6 37. f3 Kf5 38. d5 Bc7 39. Kf2 h5 $14) 35... Kg8 36. Qd7 (
36. h4 Bf6 37. Qc8+ Kh7 38. Nd7 Be7 39. Nf8+ Bxf8 40. Qxf8 Qxd4 41. Qxf7 $14)
36... Qxd7 37. Nxd7 f6 38. Nc5 Bb6 39. Kg2 Kf7 40. Kf3 Ke7 41. Ke4 Kd6 42. g4
$16) 32... Qa1+ 33. Kg2 Qf6 1/2-1/2